The French convert : being a true relation of the happy conversion of a noble French lady, from the errors and superstitions of popery, to the reformed religion, by means of a Protestant gardiner [as printed], her servant. : Wherein is shewed, her great and unparallel'd sufferings, on the account of her said conversion: as also her wonderful deliverance from two assassines hired by a popish pras printed.

Bibliographic Details
Other Authors: D'Auborn, A., McGowan, John
Format: eBook
Language:English
Series:Early American imprints. Evans (1639-1800) ; no. 2637.
Subjects:
Online Access:Evans Digital Edition

MARC

Tag First Indicator Second Indicator Subfields
LEADER 00000cam a2200000 a 4500
001 in00002143421
006 m e d #
007 cr mn mmmmabba
008 810527r1725 mau s 000 0 eng d
005 20260330215816.4
035 |z w033804 
035 |a MAAR8105273602B 
035 |9 mwa91-26314 
035 |a 318352 
035 |a aas03033804 
040 |a MWA  |c MWA  |e bdrb  |d UtOrBLW 
245 0 4 |a The French convert :  |b being a true relation of the happy conversion of a noble French lady, from the errors and superstitions of popery, to the reformed religion, by means of a Protestant gardiner [as printed], her servant. : Wherein is shewed, her great and unparallel'd sufferings, on the account of her said conversion: as also her wonderful deliverance from two assassines hired by a popish pras printed. 
264 3 |a Boston :  |b Re-printed for John Phillips and sold at his shop on the south side of the town-house,  |c 1725. 
300 |a 8 unnumbered pages, 123 pages, 1 unnumbered page ;  |c 14 cm. (duodecimo) 
336 |a text  |b txt  |2 rdacontent 
337 |a computer  |b c  |2 rdamedia 
338 |a online resource  |b cr  |2 rdacarrier 
500 |a "Copy of a letter sent from a French Protestant minister in France, to his friend in London, with the following relation."--pages [5-7], signed: A. D'Auborn. Nants in Britannie, May 2. New Stile, 1696. 
500 |a Attributed by Cushing to John McGowan. 
510 4 |a Evans  |c 2637 
530 |a Microform version available in the Readex Early American Imprints series. 
533 |a Electronic text and image data.  |b [Chester, Vt. :  |c Readex, a division of Newsbank, Inc.,  |d 2002-2004.  |e Includes files in TIFF, GIF and PDF formats with inclusion of keyword searchable text.  |f (Early American imprints. First series ; no. 2637). 
500 |a Electronic resource. 
610 2 0 |a Catholic Church  |v Controversial literature  |x Protestant authors. 
650 0 |a Conversion. 
650 0 |a Anglican converts. 
700 1 |a D'Auborn, A. 
700 1 |a McGowan, John. 
752 |a United States  |b Massachusetts  |d Boston. 
830 0 |a Early American imprints.  |n Series I,  |p Evans (1639-1800) ;  |v no. 2637. 
856 4 1 |u http://proxy.library.tamu.edu/login?url=https://opac.newsbank.com/select/evans/2637  |y Evans Digital Edition  |t 0 
999 |a MARS 
999 f f |s 40f238a1-eccf-3932-a2ea-09fa93f8f6fc  |i 506f1488-b686-31b2-8133-13faf9588a5f  |t 0 
952 f f |a Texas A&M University  |b College Station  |c Electronic Resources  |s www_evans  |d Available Online  |t 0  |h No information provided 
998 f f |t 0  |l Available Online